00600nam a2200193 4500003001100000005001700011008004100028020001500069040003900084041000800123082001300131100002300144245005500167260005600222300003200278650004400310650002200354650003000376LK-CoMWRAF20231226133657.0231226b2002 |||||||| |||| 00| 0 eng d a9525265129 aLK-CoMWRAFdLK-CoMWRAFeLK-CoMWRAF aeng a341bTII aTiilikainen, Teija aThe Åland Islands, Finland and European security aMariehamm:bÅland Islands Peace Institute, c2002 a 55 p. : ill. ; 17 x 17 cm. aÅland (Finland)- International status aInternational law aNational security- Europe